Southville International School and Colleges
Your cart is empty.
  • Cart
  • Lists
    Public lists Eva Luna New books Lux_list list_1
    Your lists Log in to create your own lists
  • Log in to your account
  • Your cookies
  • Search history
Southville International School and Colleges
  • Advanced search
  • Recent comments
  • Most popular
  • Libraries

Log in to your account

Log in with GOOGLE


If you do not have an external account, but do have a local account, you can still log in:

  1. Home
  2. MARC view: Fostering the mental health of athletes, coaches, and staff
Normal view MARC view ISBD view

Fostering the mental health of athletes, coaches, and staff (Record no. 366145)

[ view plain ]
MARC details
000 -LEADER
fixed length control field 00817nam a22002177a 4500
003 - CONTROL NUMBER IDENTIFIER
control field 0
005 - DATE AND TIME OF LATEST TRANSACTION
control field 20240822111419.0
008 - FIXED-LENGTH DATA ELEMENTS--GENERAL INFORMATION
fixed length control field 240822b xxu||||| |||| 00| 0 eng d
020 ## - INTERNATIONAL STANDARD BOOK NUMBER
International Standard Book Number 978-0-367-74674-2
050 ## - LIBRARY OF CONGRESS CALL NUMBER
Classification number GV 706.41
Item number .M34 2023
100 ## - MAIN ENTRY--PERSONAL NAME
Personal name Maher, Charles A.
245 ## - TITLE STATEMENT
Title Fostering the mental health of athletes, coaches, and staff
Remainder of title a systems approach to developing a mentally healthy sport organization
Statement of responsibility, etc Charles A. Maher
260 ## - PUBLICATION, DISTRIBUTION, ETC. (IMPRINT)
Place of publication, distribution, etc New York
Name of publisher, distributor, etc Routledge Taylor and Francis Group
Date of publication, distribution, etc 2023
300 ## - PHYSICAL DESCRIPTION
Extent xx, 194 pages ;
Dimensions 23cm.
504 ## - BIBLIOGRAPHY, ETC. NOTE
Bibliography, etc Includes bibliographical references and index. <br/>
650 ## - SUBJECT ADDED ENTRY--TOPICAL TERM
Topical term or geographic name as entry element Sports--Psychological aspects.
650 ## - SUBJECT ADDED ENTRY--TOPICAL TERM
Topical term or geographic name as entry element Athletes--Mental health.
650 ## - SUBJECT ADDED ENTRY--TOPICAL TERM
Topical term or geographic name as entry element Coaches (Athletics)--Mental health.
650 ## - SUBJECT ADDED ENTRY--TOPICAL TERM
Topical term or geographic name as entry element Sports personnel--Mental health.
942 ## - ADDED ENTRY ELEMENTS (KOHA)
Source of classification or shelving scheme Library of Congress Classification
Koha item type Books
Holdings
Withdrawn status Lost status Source of classification or shelving scheme Damaged status Home library Current library Shelving location Date acquired Source of acquisition Sub Shelving location Total Checkouts Full call number Barcode Date last seen Price effective from Koha item type
    Library of Congress Classification   College Library College Library Reserve Section 08/22/2024 Library Fund     GV 706.41 .M34 2023 C23477 08/22/2024 08/22/2024 Books

Fostering the mental health of athletes, coaches, and staff

APA

Maher C. A., . (2023). Fostering the mental health of athletes, coaches, and staff. New York: Routledge Taylor and Francis Group.

Chicago

Maher Charles A, . 2023. Fostering the mental health of athletes, coaches, and staff. New York: Routledge Taylor and Francis Group.

Harvard

Maher C. A., . (2023). Fostering the mental health of athletes, coaches, and staff. New York: Routledge Taylor and Francis Group.

MLA

Maher Charles A, . Fostering the mental health of athletes, coaches, and staff. New York: Routledge Taylor and Francis Group. 2023.

  • Place hold
  • Print
  • Cite
  • Add to your cart (remove)
  • Save record
    BIBTEX Dublin Core MARCXML MARC (non-Unicode/MARC-8) MARC (Unicode/UTF-8) MARC (Unicode/UTF-8, Standard) MODS (XML) RIS
  • More searches
    Search for this title in:
    Other Libraries (WorldCat) Other Databases (Google Scholar) Online Stores (Bookfinder.com) Open Library (openlibrary.org)

Exporting to Dublin Core...

SOUTHVILLE LIBRARY

Southville International School and Colleges Library

1281 Tropical Ave. Cor. Luxembourg St., BF Homes International, Las Pinas City

Tel. No. 8256374 / 252358 Loc. 117/146

Powered by Koha